Propuesta de un plan de mantenimiento preventivo de los equipos Frigoríficos de la empresa Cárnicas Integradas (ICI)

Presenta una propuesta de plan de mantenimiento preventivo de los equipos frigoríficos de la empresa Cárnicas Integradas. La industria Cárnicas es un tipo de industria alimentaria encargada de producir, procesar y distribuir la carne de animales a los centros de consumo. La empresa industria Cár...

Full description

Bibliographic Details
Main Authors: Angulo Cortez, Mariyenia Arielie, Angulo Cortez, Samary Tatiana
Other Authors: Tutor: Mejía Muñoz, Harentong José
Format: Tesis Section = Libro
Language:Undetermined
Spanish
Published: Managua UNI 2014
Subjects:
LEADER 01319nam a2200253Ia 4500
008 240830s9999 xx 000 0 und d
040 |a BIBLIOTECA-RUPAP Mon 620.0046 A594 
041 |a spa 
082 |a Mon 620.0046 A594 
100 1 |a Angulo Cortez, Mariyenia Arielie 
100 1 |b  Angulo Cortez, Samary Tatiana 
245 1 0 |a Propuesta de un plan de mantenimiento preventivo de los equipos Frigoríficos de la empresa Cárnicas Integradas (ICI) 
260 |a Managua  |b UNI  |c 2014 
300 |a 60 p. :il. 
500 |a Contiene: anexos y CD. 
502 |a Tesis (Ingeniero Mecánico)- UNI, 2014. 
520 3 |a Presenta una propuesta de plan de mantenimiento preventivo de los equipos frigoríficos de la empresa Cárnicas Integradas. La industria Cárnicas es un tipo de industria alimentaria encargada de producir, procesar y distribuir la carne de animales a los centros de consumo. La empresa industria Cárnicas Integradas se encuentra ubicada en el kilómetro 7 ½ de la Carretera Norte, su principal producto es la carne deshuesada empacada al vacío y carnes preparadas. 
650 7 |a MANTENIMIENTO DE EQUIPOS 
650 7 |b PLAN DE MANTENIMIENTO PREVENTIVO 
650 7 |c EQUIPOS FRIGORIFICOS 
700 1 |a Tutor:  |b Mejía Muñoz, Harentong José 
942 |c BK  |2 ddc 
991 |a TESIS 
999 |c 15676